| 000 | 00355cam a22001097a 4500 | ||
|---|---|---|---|
| 008 | 180718b xxu||||| |||| 00| 0 eng d | ||
| 082 | _aT478 K848 | ||
| 100 | _aKotak | ||
| 245 | _aEverything You Wanted To Know About Investing : The Encyclopedia of investment and wealth creating intelligence | ||
| 260 |
_aNew Delhi _bNetwork18 Publications _c |
||
| 300 | _a137p. | ||
| 999 |
_c503099 _d503099 |
||